000 00295nam a2200109Ia 4500
008 190216s9999||||xx |||||||||||||| ||und||
100 _aSooryanarayana Rao H.G
245 0 _aProjective Geometry Of The Comic
260 _bSt.Joseph`S Industrial School Press
650 _aMathematics
942 _cBK
999 _c30567
_d30567